000 00353nam a22001457a 4500
003 OSt
005 20160727222522.0
008 160709b xxu||||| |||| 00| 0 eng d
040 _cTEST
100 _92490
_a Varma, B.G
245 _aGreat Institutions
260 _aN.D
_b Children Books Trust
_c2004
300 _aGreat Institutions
942 _2ddc
_cBK
999 _c2157
_d2157